El cibercrimen Fenomenologa̕ y criminologa̕ de la delincuencia en el ciberespacio /

Bibliographic Details
Main Author: Mir ̤Llinares, Fernando
Format: eBook
Language:Spanish
Published: Madrid: Marcial Pons, 2012
Subjects:
Online Access:Acceso restringido

MARC

LEADER 00000nam a22000007a 4500
005 20180314231316.0
007 cr|||| ||||
008 180314s2012 es |||||s|||| 00||0 spa d
020 |a 978-84-91233-87-9 
035 |a 21064 
040 |a vLex 
090 |c 7478  |d 7478 
100 1 |a Mir ̤Llinares, Fernando 
245 1 2 |a El cibercrimen  |h [Recurso electrn̤ico] :  |b Fenomenologa̕ y criminologa̕ de la delincuencia en el ciberespacio /  |c Fernando Mir ̤Llinares 
256 |a Servicio en ln̕ea 
260 |a Madrid:  |b Marcial Pons,  |c 2012 
300 |a 1 recurso electrn̤ico 
500 |a Desde hace dčadas el espacio fs̕ico ya no es el n︢ico m̀bito en el que se pueden cometer delitos contra bienes tan relevantes como la intimidad o el patrimonio. El desarrollo de la web 2.0 no sl̤o ha potenciado esto, sino que ha convertido el ciberespacio en un m̀bito de intercomunicacin̤ social en el que tambiň se cometen delitos contra la libertad e indemnidad sexuales, el honor, la dignidad o la libertad que pueden, incluso, llegar a afectar a la salud o la vida de las personas. Si a ello se suma la utilizacin̤ reciente de Internet y sus herramientas con props̤itos terroristas o de guerra entre Estados, o como forma de activismo polt̕ico, se comprender ̀la tremenda actualidad e importancia del tema objeto de esta obra. El presente libro no sl̤o describe y analiza todos los fenm̤enos incluidos dentro de la cibercriminalidad, sino que trata de abarcarlos y categorizarlos a partir de la comprensin̤ de las especiales caracters̕ticas de tales conductas criminales cuando se ejecutan en el ciberespacio. As,̕ con apoyo en las modernas teora̕s del crimen, el autor define las especificidades de ese nuevo m̀bito de oportunidad criminal que es el ciberespacio en aras de identificar sus particularidades y de definir nuevas estrategias para la prevencin̤ de la ciberdelincuencia. El anl̀isis criminolg̤ico incluye, adems̀, una descripcin̤ de los principales perfiles de los distintos tipos de criminales que operan en Internet, as ̕como de sus vc̕timas. 
506 1 |a Disponible solo en los productos indicados  |d vLex Global  |d vLex Global (Academic Edition, excluding Law Schools)  |d vLex Global (U.S. Academic Edition, Law Schools)  |d vLex Global (U.S. Academic Edition, excluding Law Schools)  |d vLex Global (Academic Edition, Law Schools) 
650 0 4 |a Derecho Penal  |z Espaą 
740 0 |a vLex Libros (Servicio en ln̕ea) 
856 4 0 |u http://vlex.com/source/cibercrimen-fenomenologia-y-criminologia-de-la-delincuencia-en-el-ciberespacio-21064  |z Acceso restringido 
942 |c BOOK 
999 0 |a Criminal law